Las ciencias y las artes / (Record no. 41574)

MARC details
000 -LEADER
campo de control de longitud fija 00762nam a2200241 i 4500
001 - NÚMERO DE CONTROL
campo de control 41574
003 - IDENTIFICADOR DE NÚMERO DE CONTROL
campo de control ES-MaACL
005 - FECHA Y HORA DE LA ÚLTIMA TRANSACCIÓN
campo de control 20250812073930.0
007 - CAMPO FIJO DE DESCRIPCIÓN FÍSICA--INFORMACIÓN GENERAL
campo de control de longitud fija t|
008 - DATOS DE LONGITUD FIJA--INFORMACIÓN GENERAL
campo de control de longitud fija 030311s1964 sp ||||1| spa d
080 ## - NÚMERO DE LA CLASIFICACIÓN DECIMAL UNIVERSAL
Número de la Clasificación Decimal Universal 7:5(04)
100 1# - ENTRADA PRINCIPAL--NOMBRE DE PERSONA
Nombre de persona Cassidy, Harold Gomes.
9 (RLIN) 36348
245 14 - MENCIÓN DEL TÍTULO
Título Las ciencias y las artes /
Mención de responsabilidad, etc. Harold Gomes Cassidy ; [traductor Manuel de la Escalera].
260 ## - PUBLICACIÓN, DISTRIBUCIÓN, ETC.
Lugar de publicación, distribución, etc. Madrid :
Nombre del editor, distribuidor, etc. Taurus,
Fecha de publicación, distribución, etc. [1964]
300 ## - DESCRIPCIÓN FÍSICA
Extensión 229 p., 2 lám. :
Otras características físicas il. ;
Dimensiones 22 cm.
490 1# - MENCIÓN DE SERIE
Mención de serie Ensayistas de hoy ;
Designación de volumen o secuencia 38
650 #7 - PUNTO DE ACCESO ADICIONAL DE MATERIA--TÉRMINO DE MATERIA
Término de materia o nombre geográfico como elemento de entrada Arte y ciencia
Fuente del encabezamiento o término embne
9 (RLIN) 10329
700 0# - ENTRADA AGREGADA--NOMBRE PERSONAL
Nombre de persona Escalera, Manuel de la,
Fechas asociadas al nombre 1895-1994
9 (RLIN) 47481
830 1# - PUNTO DE ACCESO ADICIONAL DE SERIE-TÍTULO UNIFORME
Título uniforme Ensayistas de hoy ;
Designación de volumen o secuencia 38
9 (RLIN) 180849
852 ## - LOCALIZACIÓN
Ubicación ES-MaACL
Número de control de estantería C-27009
852 ## - LOCALIZACIÓN
Ubicación ES-MaACL
Número de control de estantería C-27070
Holdings
Estatus retirado Estado de pérdida Estado de daño No para préstamo Biblioteca de origen Biblioteca actual Ubicación en estantería Fecha de adquisición Fuente de adquisición Total de préstamos Signatura topográfica completa Código de barras Visto por última vez Precio de reemplazo Tipo de ítem Koha
        Biblioteca del Ateneo de Madrid Biblioteca del Ateneo de Madrid Depósito 2 17/01/2008     C-27009 1043766 23/02/2023 23/02/2023 Libro impreso
        Biblioteca del Ateneo de Madrid Biblioteca del Ateneo de Madrid Depósito 2 17/01/2008     C-27070 1043767 23/02/2023 23/02/2023 Libro impreso